000 01079nam a22003137a 4500
001 BR7907663
003 BR-BrBNA
005 20230928090307.0
007 ta
008 230509b bl.||||| |||| 00| 0 por d
040 _aBR-BrBNA
_bpor
_cBiblioteca Nacional de Agricultura
041 _a(Por)
072 _aF21
_b0336
_b3920
_b/G514
_b/GZ74
090 _ 0336 BR7907663
100 1 _aPeres, J.R.R.
110 1 _aUniversidade Federal do Rio Grande do Sul, Porto Alegre (Brasil). Faculdade de Agronomia
_0Dissertacao (Mestrado)
245 1 _aSelecao de estirpes de Rhizobium japonicum e competitividade por sitios de infeccao nodular em cultivares de soja (Glycine max (L.)Merrill)[Rio Grande do Sul, cerrado, Brasil]
260 3 _aPorto Alegre, RS (Brasil):
_c1979.
300 _a90 p.
500 _a23 tables; Bibliography p. 61-67 (74 ref.); Summaries (Eng, Por)
650 _aRHIZOBIUM
650 _aSOJA
650 _aNODULO
650 _aINFECCAO
650 _aRIO GRANDE DO SUL
650 _aCERRADO
909 _a202309
_bLucia
_c55
_dLucia Elande
942 _cBK
999 _c28335
_d28335